00507nam a2200145 a 450000100100000000500170001000800410002704000250006824500600009326000420015330000350019504900090023095201050023999900170034400003412220200930070807.0110926s1970 xxu 000 0 spa d aDO-SdBNPbspacBNPHU03aEl mundo en su mano :benciclopedia de datos últiles. aNueva York :bEditora Moderna,c1970. a511 p. :bil., retrs ;c20 cm. aBNPD 001050718MOaGRbGRcCTd2011-09-26iLF1l0o p34122-10r2020-06-25w2020-06-25y1ZNo se presta c33613d33613